| 000 | 00904 a2200229 4500 | ||
|---|---|---|---|
| 999 |
_c5155 _d5155 |
||
| 020 | _a9781847873170 (hbk.) | ||
| 020 | _a1847873170 (hbk.) | ||
| 020 | _a1847873189 (pbk.) | ||
| 020 | _a9781847873187 (pbk.) | ||
| 050 | 0 | 0 | _aLC 4015 DIT 2008 |
| 100 | 1 |
_aDittrich, Winand H. _eAuthor |
|
| 245 | 1 | 0 |
_aEducating children with complex conditions : _bunderstanding overlapping and co-existing developmental disorders / _cWinand H. Dittrich and Rona Tutt. |
| 264 |
_aLos Angles: _bSage Publications, _c2008 |
||
| 300 |
_axiv, 114 p. : _bill. ; |
||
| 500 | _aIncludes bibliographical references (p. 105-108) and index. | ||
| 504 | _aIncludes bibliographical references (p. 105-108) and index. | ||
| 650 | 0 |
_aChildren with disabilities _xEducation. |
|
| 700 | 1 |
_aTutt, Rona. _eAuthor |
|
| 942 |
_2lcc _cBK _h4015 _iDIT _kLC |
||